| 000 | 00646nam a2200229 i 4500 | ||
|---|---|---|---|
| 001 | 49752 | ||
| 003 | ES-MaACL | ||
| 005 | 20240522063035.0 | ||
| 007 | t| | ||
| 008 | 030723s1985 sp ||||1| spa d | ||
| 020 | _a84-239-0454-7 | ||
| 080 | _a821.134.2-31"18" | ||
| 100 | 1 |
_aPereda, José María de, _d1833-1906 _990447 |
|
| 245 | 1 | 3 |
_aEl sabor de la tierruca / _cJosé María de Pereda. |
| 250 | _a5ª ed. | ||
| 260 |
_aMadrid : _bEspasa-Calpe, _c1985. |
||
| 300 |
_a208 p. ; _c18 cm. |
||
| 490 | 1 | _aColección austral | |
| 830 | 0 |
_aColección austral _9177655 |
|
| 852 |
_aES-MaACL _jA-10019 |
||
| 999 |
_c49752 _d49752 |
||